CONTRACT-1 (GENERAL PRINCIPLES OF CONTRACT & SPECIFIC RELIEF ACT (Record no. 10880)

MARC details
000 -LEADER
fixed length control field 00389nam a22001577a 4500
003 - CONTROL NUMBER IDENTIFIER
control field SGT
020 ## - INTERNATIONAL STANDARD BOOK NUMBER
International Standard Book Number 9789382676478
082 ## - DEWEY DECIMAL CLASSIFICATION NUMBER
Classification number 346.022,RAI
100 ## - MAIN ENTRY--PERSONAL NAME
Personal name RAI,KAILASH
245 ## - TITLE STATEMENT
Title CONTRACT-1 (GENERAL PRINCIPLES OF CONTRACT & SPECIFIC RELIEF ACT
250 ## - EDITION STATEMENT
Edition statement 4TH
260 ## - PUBLICATION, DISTRIBUTION, ETC. (IMPRINT)
Place of publication, distribution, etc ALLAHABAD
Name of publisher, distributor, etc CENTRAL LAW PUBLICATIONS
Year of Publication 2014
300 ## - PAGE DESCRIPTION
No. of Pages 528
650 ## - SUBJECT ADDED ENTRY--TOPICAL TERM
Topical term or geographic name as entry element CONTRACT
942 ## - ADDED ENTRY ELEMENTS (KOHA)
Source of classification or shelving scheme Dewey Decimal Classification
Koha item type Books
942 ## - ADDED ENTRY ELEMENTS (KOHA)
-- 1
Holdings
Withdrawn status Lost status Source of classification or shelving scheme Damaged status Not for loan Collection code Home library Current library Shelving location Date acquired Vendor Name Cost, normal purchase price SGTU Bill Number Total Checkouts Full call number Accession No. (Barcode) Date last seen Date last borrowed Bill Date Koha item type Total Renewals
    Dewey Decimal Classification     LAW SGT Science & Social Sciences Library SGT Science & Social Sciences Library Text Book 10/02/2017 SETH & COMPANY 320.00 SGTU 2064 1 346.022,RAI FL1462 09/03/2022 21/02/2022 29/09/2016 Books  
    Dewey Decimal Classification     LAW SGT Science & Social Sciences Library SGT Science & Social Sciences Library Text Book 10/02/2017 SETH & COMPANY 320.00 SGTU 2064 2 346.022,RAI FL1463 14/11/2017 23/10/2017 29/09/2016 Books  
    Dewey Decimal Classification   Not For Loan LAW SGT Science & Social Sciences Library SGT Science & Social Sciences Library Reference Book 10/02/2017 SETH & COMPANY 320.00 SGTU 2064   346.022,RAI FL1464 22/05/2017   29/09/2016 Books  
    Dewey Decimal Classification     LAW SGT Science & Social Sciences Library SGT Science & Social Sciences Library Text Book 10/02/2017 SETH & COMPANY 320.00 SGTU 2064 1 346.022,RAI FL1465 22/05/2017 11/05/2017 29/09/2016 Books 1
    Dewey Decimal Classification     LAW SGT Science & Social Sciences Library SGT Science & Social Sciences Library Text Book 10/02/2017 SETH & COMPANY 320.00 SGTU 2064 3 346.022,RAI FL1466 12/05/2018 26/04/2018 29/09/2016 Books 1